000 02184cam a22005534i 4500
003 PE-LiUPU
005 20250731165640.0
008 150616s r 000 0 d
020 _a033400294X
035 _a(Sirsi) i9780334002949
040 _aPE-LiUPU
_bspa
_cPE-LiUPU
_erda
049 _aPRUA
082 0 4 _b
_221
100 1 _aCoggins, Richard James,
_eautor.
245 1 2 _aA Dictionary of Biblical Interpretation /
_cRichar James Coggins.
264 1 _aLondres :
_bSCM Pres,
_c1990.
300 _a751 páginas ;
_c25 centímetros
336 _atext
_2rdacontent
337 _aunmediated
_2rdamedia
338 _avolume
_2rdacarrier
505 0 _aSignificado e interpretacion de términos bíblicos Diccionario.
526 _aSEG44
526 _aSEG26
526 _aP151
526 _aP150
526 _aP149
526 _aP146
526 _aP145
526 _aP126
526 _aP125
526 _aP92
526 _aP75
526 _aP74
526 _aP27
526 _aP15
630 _aBbilia
_vDiccionarios.
650 0 4 _a
700 1 _aHoulden, J.L.
910 _ajck
_bjvq
_cjck
942 _2ddc
_cBOOK
949 _aRC 220.603 C63
_wDEWEY
_c1
_i37900
_lCCODEBUL1
_mBUL
_r0
_sY
_tBOOK
_u2015-4-23
_xTEOLOGIA
_zUNKNOWN
_0COMPRA
_o.CIRCNOTE. No olvidar cambiar la fecha de devolución!!!!!!!
_o.STAFF. Colección General
949 _aRC 220.603 C63
_wDEWEY
_c2
_i40576
_lCCODEBUL1
_mBUL
_r0
_sY
_tBOOK
_u2015-6-16
_xTEOLOGIA
_zUNKNOWN
_0COMPRA
_o.CIRCNOTE. No olvidar cambiar la fecha de devolución!!!!!!!
_o.STAFF. Colección General
994 _aC0
_bPEPRU
596 _a1
999 _aRC 220.603 C63
_wDEWEY
_c58360
_i37900
_f2021-11-8
_g6
_lCCODEBUL1
_mBUL
_r1
_sY
_tBOOK
_u2015-4-23
_xTEOLOGIA
_zUNKNOWN
_0COMPRA
_o.CIRCNOTE. No olvidar cambiar la fecha de devolución!!!!!!!
_o.STAFF. Colección General
_d58360
999 _aRC 220.603 C63
_wDEWEY
_c2
_i40576
_f2021-11-8
_g6
_lCCODEBUL1
_mBUL
_r1
_sY
_tBOOK
_u2015-6-16
_xTEOLOGIA
_zUNKNOWN
_0COMPRA
_o.CIRCNOTE. No olvidar cambiar la fecha de devolución!!!!!!!
_o.STAFF. Colección General
980 _81
_gALBERTO SANCHEZ Responsable de Automatización